00329nam a2200145Ia 45000030006000000080041000060400015000471000021000622450021000832500006001042600038001103000006001485460012001540050017001660STCL150530s9999 xx 000 0 und d aSTCLcSTCL aAshok Banker, K. aSiege Of Mithila a1 bPenguin Books; Delhic2005aDelhi a0 aEnglish20220125170820.0